[Event "Satakunta-ch op"]
[Site "Pori"]
[Date "2019.03.02"]
[Round "2"]
[White "Granat, Simo"]
[Black "Rantanen, Veikko J"]
[Result "1-0"]
[WhiteElo "1986"]
[BlackElo "1936"]
[PlyCount "83"]
[EventDate "2019.03.02"]
[EventType "swiss"]
[EventRounds "5"]
[EventCountry "FIN"]
[SourceTitle "EXT 2021"]
[Source "ChessBase"]
[SourceDate "2020.10.23"]
[SourceVersion "1"]
[SourceVersionDate "2020.10.23"]
[SourceQuality "1"]

1. d4 Nf6 2. c4 g6 3. Nc3 d5 4. cxd5 Nxd5 5. e4 Nxc3 6. bxc3 Bg7 7. Bc4 0-0 8. Ne2 c5 9. 0-0 Nc6 10. Be3 cxd4 11. cxd4 Na5 12. Bd3 b6 13. Rc1 Bb7 14. Qd2 Qd7 15. Bh6 Rfc8 16. Bxg7 Kxg7 17. Qf4 Qe6 18. d5 Qf6 19. Qxf6+ Kxf6 20. f4 Kg7 21. Kf2 f5 22. exf5 Bxd5 23. Nc3 Bc4 24. Bxc4 Rxc4 25. Nd5 Rd8 26. Rxc4 Nxc4 27. Nxe7 Rd2+ 28. Kf3 Rxa2 29. Re1 Kf6 30. Nd5+ Kf7 31. Re7+ Kf8 32. f6 Ra3+ 33. Kf2 Ra2+ 34. Kg3 Nd6 35. Kh3 Nf5 36. Rxh7 Ra5 37. Nc7 Ra3+ 38. Kg4 Nd6 39. Ne6+ Kg8 40. Rd7 Ne4 41. Rd8+ Kh7 42. f7 1-0

[Event "FIN-chT2 Gp4 1819"]
[Site "Finland"]
[Date "2019.02.09"]
[Round "6.1"]
[White "Panttila, Ville Veikko"]
[Black "Granat, Simo"]
[Result "1-0"]
[WhiteElo "2082"]
[BlackElo "1955"]
[PlyCount "113"]
[EventDate "2018.09.15"]
[EventType "team-tourn"]
[EventRounds "6"]
[EventCountry "FIN"]
[SourceTitle "EXT 2020"]
[Source "ChessBase"]
[SourceDate "2019.10.17"]
[SourceVersion "1"]
[SourceVersionDate "2019.10.17"]
[SourceQuality "1"]
[WhiteTeam "Seinajoki"]
[BlackTeam "Kankaanpaa SK"]
[WhiteTeamCountry "FIN"]
[BlackTeamCountry "FIN"]

1. e4 c5 2. Nf3 e6 3. d4 cxd4 4. Nxd4 Nf6 5. Bd3 Nc6 6. Nxc6 bxc6 7. 0-0 d5 8. Nd2 Bd6 9. Qe2 Qc7 10. h3 0-0 11. c4 d4 12. Nf3 e5 13. Nh4 g6 14. Bh6 Re8 15. Qf3 Qd8 16. c5 Bxc5 17. Rac1 Be7 18. Bc4 Rb8 19. Qg3 Nh5 20. Qxe5 Rxb2 21. Nf3 Bf6 22. Qc5 Qb6 23. Qa3 Be7 24. Qd3 c5 25. Rb1 Rxb1 26. Rxb1 Qc7 27. Qb3 Bf8 28. Bd2 Be6 29. Qa4 Rb8 30. Rxb8 Qxb8 31. Bxe6 fxe6 32. Ng5 Qc8 33. Qxa7 Ng7 34. Qf7+ Kh8 35. Qf6 Qe8 36. Nf7+ Kg8 37. Nh6+ Kh8 38. Bg5 e5 39. Nf7+ Kg8 40. Nh6+ Kh8 41. Qf7 Qxf7 42. Nxf7+ Kg8 43. Nxe5 Ne8 44. a4 Nd6 45. a5 Bg7 46. a6 Nb5 47. Nc4 Nc7 48. a7 d3 49. Kf1 Bc3 50. Bd8 Na8 51. Nb6 Bd4 52. Nxa8 c4 53. Nb6 c3 54. a8Q c2 55. Bg5+ Kf7 56. Qd5+ Ke8 57. Qg8# 1-0

[Event "FIN-chT2 Gp4 1819"]
[Site "Finland"]
[Date "2018.11.10"]
[Round "4.1"]
[White "Granat, Simo"]
[Black "Vinke, Dietmar"]
[Result "0-1"]
[WhiteElo "1955"]
[BlackElo "2166"]
[PlyCount "62"]
[EventDate "2018.09.15"]
[EventType "team-tourn"]
[EventRounds "6"]
[EventCountry "FIN"]
[SourceTitle "EXT 2020"]
[Source "ChessBase"]
[SourceDate "2019.10.17"]
[SourceVersion "1"]
[SourceVersionDate "2019.10.17"]
[SourceQuality "1"]
[WhiteTeam "Kankaanpaa SK"]
[BlackTeam "Oulu OSS"]
[WhiteTeamCountry "FIN"]
[BlackTeamCountry "FIN"]

1. Nf3 Nf6 2. c4 g6 3. Nc3 Bg7 4. e4 d6 5. d4 0-0 6. Be2 e5 7. 0-0 Nbd7 8. d5 Nc5 9. Nd2 a5 10. b3 Ne8 11. Bb2 f5 12. a3 Nf6 13. f3 Bh6 14. b4 Bxd2 15. Qxd2 Nb3 16. Qh6 Nxa1 17. Bxa1 axb4 18. axb4 fxe4 19. fxe4 Ng4 20. Rxf8+ Qxf8 21. Qxf8+ Kxf8 22. Bb2 Nf6 23. h3 Nxe4 24. Nxe4 Ra2 25. Bxe5 Rxe2 26. Nxd6 cxd6 27. Bxd6+ Kf7 28. b5 Rc2 29. c5 Rd2 30. c6 Rxd5 31. cxb7 Bxb7 0-1

[Event "Tampere TammerSh fall-B"]
[Site "Tampere"]
[Date "2018.10.13"]
[Round "1"]
[White "Luosto, Kerkko"]
[Black "Granat, Simo"]
[Result "0-1"]
[WhiteElo "1853"]
[BlackElo "1951"]
[PlyCount "56"]
[EventDate "2018.10.13"]
[EventType "swiss"]
[EventRounds "4"]
[EventCountry "FIN"]
[SourceTitle "EXT 2021"]
[Source "ChessBase"]
[SourceDate "2020.10.23"]
[SourceVersion "1"]
[SourceVersionDate "2020.10.23"]
[SourceQuality "1"]

1. d4 Nf6 2. c4 e6 3. Nc3 d5 4. Nf3 c6 5. e3 Nbd7 6. Bd3 Bd6 7. b3 0-0 8. 0-0 dxc4 9. bxc4 e5 10. Qc2 Re8 11. Bb2 Qe7 12. e4 exd4 13. Nxd4 Nc5 14. Rae1 Bxh2+ 15. Kxh2 Qe5+ 16. f4 Qxd4 17. Rf3 Ng4+ 18. Kg3 Nxd3 19. Qxd3 Qb6 20. Ba1 Nf6 21. Rfe3 Be6 22. f5 Rad8 23. Qe2 Qc7+ 24. Kh3 Bc8 25. g4 Qf4 26. Rg1 Qh6+ 27. Kg3 Qg5 28. e5 Bxf5 0-1

[Event "Tampere We TammerSh B"]
[Site "Tampere"]
[Date "2018.03.31"]
[Round "1"]
[White "Kangasniemi, Jussi"]
[Black "Granat, Simo"]
[Result "0-1"]
[WhiteElo "1949"]
[BlackElo "1990"]
[PlyCount "58"]
[EventDate "2018.03.31"]
[EventType "swiss"]
[EventRounds "4"]
[EventCountry "FIN"]
[SourceTitle "EXT 2022"]
[Source "ChessBase"]
[SourceDate "2021.10.06"]
[SourceVersion "1"]
[SourceVersionDate "2021.10.06"]
[SourceQuality "1"]

1. Nf3 d5 2. d4 Nf6 3. c4 e6 4. Nc3 c6 5. e3 Bd6 6. Bd3 0-0 7. 0-0 Nbd7 8. Qc2 Re8 9. e4 dxe4 10. Nxe4 Nxe4 11. Bxe4 h6 12. Be3 Nf6 13. Bd3 Qc7 14. Qd2 Ng4 15. g3 e5 16. c5 Bf8 17. dxe5 Nxe5 18. Nxe5 Qxe5 19. Rfe1 Qd5 20. b4 Be6 21. Bf1 Qh5 22. Rad1 a5 23. Bf4 axb4 24. Re5 Qf3 25. Re3 Qd5 26. Bd6 Qxd2 27. Rxd2 Bd5 28. Bg2 Rxe3 29. fxe3 Rxa2 0-1

[Event "Pori We PSY"]
[Site "Pori"]
[Date "2018.03.04"]
[Round "4"]
[White "Linden, Lari"]
[Black "Granat, Simo"]
[Result "1/2-1/2"]
[WhiteElo "2146"]
[BlackElo "1964"]
[PlyCount "37"]
[EventDate "2018.03.17"]
[EventType "swiss"]
[EventRounds "5"]
[EventCountry "FIN"]
[SourceTitle "EXT 2022"]
[Source "ChessBase"]
[SourceDate "2021.10.06"]
[SourceVersion "1"]
[SourceVersionDate "2021.10.06"]
[SourceQuality "1"]

1. d4 Nf6 2. c4 e6 3. g3 d5 4. Nf3 Bb4+ 5. Bd2 Be7 6. Bg2 0-0 7. 0-0 Nbd7 8. Qc2 Ne4 9. Bf4 c6 10. Nc3 g5 11. Bc1 f5 12. Rd1 Bf6 13. Rb1 h6 14. b4 Nb6 15. c5 Nc4 16. Nxe4 fxe4 17. Ne5 Nxe5 18. dxe5 Bxe5 19. Bxe4 1/2-1/2

[Event "Tampere We TammerSh B"]
[Site "Tampere"]
[Date "2017.03.26"]
[Round "4"]
[White "Granat, Simo"]
[Black "Miettinen, Teemu"]
[Result "0-1"]
[WhiteElo "1975"]
[BlackElo "2020"]
[PlyCount "89"]
[EventDate "2017.03.25"]
[EventType "swiss"]
[EventRounds "4"]
[EventCountry "FIN"]
[SourceTitle "EXT 2022"]
[Source "ChessBase"]
[SourceDate "2021.10.06"]
[SourceVersion "1"]
[SourceVersionDate "2021.10.06"]
[SourceQuality "1"]

1. Nf3 c5 2. c4 Nc6 3. d4 cxd4 4. Nxd4 Nf6 5. Nc3 g6 6. e4 d6 7. Be2 Bg7 8. Be3 0-0 9. 0-0 Bd7 10. Nb3 Rc8 11. c5 Ne8 12. cxd6 exd6 13. Rc1 Kh8 14. Nd4 a6 15. Qd2 Ne5 16. b3 Qa5 17. Rfd1 Ng4 18. Bxg4 Bxg4 19. f3 Bd7 20. Nce2 Qxd2 21. Bxd2 Rxc1 22. Bxc1 f5 23. exf5 Bxf5 24. Nxf5 Rxf5 25. Ng3 Ra5 26. a4 Kg8 27. Be3 Re5 28. Kf2 Kf7 29. Ne4 Ke7 30. Bf4 Re6 31. g3 h6 32. h4 b6 33. Rd5 Kd7 34. Rd3 Kc6 35. Rd2 Bf8 36. Rc2+ Kb7 37. Re2 Kc6 38. Rc2+ Kb7 39. Nc3 Nf6 40. Ne2 Nd5 41. Bd2 Bg7 42. Nf4 Nxf4 43. Bxf4 Bd4+ 44. Kg2 h5 45. g4 0-1

[Event "FIN-chT2 Gp4 1617"]
[Site "Finland"]
[Date "2016.12.10"]
[Round "5.1"]
[White "Granat, Simo"]
[Black "Nordlund, Jukka"]
[Result "0-1"]
[WhiteElo "1984"]
[BlackElo "2122"]
[PlyCount "91"]
[EventDate "2016.09.17"]
[EventType "team-tourn"]
[EventRounds "7"]
[EventCountry "FIN"]
[SourceTitle "EXT 2019"]
[Source "ChessBase"]
[SourceDate "2018.10.10"]
[SourceVersion "1"]
[SourceVersionDate "2018.10.10"]
[SourceQuality "1"]
[WhiteTeam "Kankaanpaa SK"]
[BlackTeam "Pori PSY"]
[WhiteTeamCountry "FIN"]
[BlackTeamCountry "FIN"]

1. Nf3 g6 2. c4 Bg7 3. d4 c5 4. d5 d6 5. e4 e6 6. Bd3 Ne7 7. 0-0 0-0 8. Qc2 e5 9. Nc3 f5 10. Bg5 f4 11. Be2 Nd7 12. Ne1 Bf6 13. Bh6 Re8 14. Nf3 Bg7 15. Bg5 h6 16. Bxe7 Qxe7 17. Ne1 Nf6 18. Nd3 g5 19. f3 h5 20. Rfb1 g4 21. b4 b6 22. bxc5 bxc5 23. Rb3 gxf3 24. Bxf3 Ng4 25. Bxg4 hxg4 26. g3 Bh6 27. Nf2 fxg3 28. hxg3 Rf8 29. Qe2 Rf3 30. Ncd1 Rxb3 31. axb3 Qg5 32. Nc3 a6 33. Nb5 Qg6 34. Nc7 Rb8 35. Qd1 Be3 36. Kg2 Bxf2 37. Kxf2 Qf7+ 38. Kg2 Qxc7 39. Qd2 Qg7 40. Rh1 Qg6 41. Qe3 Kg7 42. Ra1 Bb7 43. b4 cxb4 44. Rxa6 Bxa6 45. Qa7+ Rb7 46. Qxa6 0-1

[Event "Pori We PSY"]
[Site "Pori"]
[Date "2014.10.11"]
[Round "3"]
[White "Granat, Simo"]
[Black "Riihimaki, Pekka"]
[Result "1/2-1/2"]
[WhiteElo "2008"]
[BlackElo "1923"]
[PlyCount "32"]
[EventDate "2014.10.11"]
[EventType "swiss"]
[EventRounds "5"]
[EventCountry "FIN"]
[SourceTitle "EXT 2022"]
[Source "ChessBase"]
[SourceDate "2021.10.06"]
[SourceVersion "1"]
[SourceVersionDate "2021.10.06"]
[SourceQuality "1"]

1. Nf3 d5 2. c4 c6 3. d4 e6 4. Nc3 Nf6 5. e3 Nbd7 6. Bd3 dxc4 7. Bxc4 b5 8. Bd3 Bb7 9. 0-0 a6 10. b3 c5 11. Bb2 cxd4 12. exd4 Be7 13. Re1 0-0 14. Ne5 Re8 15. Qe2 Nb6 16. Rad1 Nbd5 1/2-1/2

[Event "Tampere We Taraus"]
[Site "Tampere"]
[Date "2014.08.16"]
[Round "2"]
[White "Granat, Simo"]
[Black "Belz, Frank Martin"]
[Result "1/2-1/2"]
[WhiteElo "1969"]
[BlackElo "2000"]
[PlyCount "72"]
[EventDate "2014.08.16"]
[EventType "swiss"]
[EventRounds "5"]
[EventCountry "FIN"]
[SourceTitle "EXT 2022"]
[Source "ChessBase"]
[SourceDate "2021.10.06"]
[SourceVersion "1"]
[SourceVersionDate "2021.10.06"]
[SourceQuality "1"]

1. Nf3 d5 2. c4 c6 3. d4 Nf6 4. Nc3 dxc4 5. a4 Bf5 6. e3 e6 7. Bxc4 Bb4 8. 0-0 0-0 9. Nh4 Nbd7 10. Nxf5 exf5 11. Qf3 g6 12. Rd1 Qa5 13. Bd2 Rac8 14. Nb1 Ne4 15. Bxb4 Qxb4 16. Qe2 Rfd8 17. f3 Nd6 18. Bd3 c5 19. Bb5 a6 20. Bxd7 Rxd7 21. dxc5 Qxc5 22. Nc3 Re7 23. Rd5 Qc6 24. Rad1 Nc4 25. Rd8+ Re8 26. Rxc8 Qxc8 27. Nd5 Qc6 28. b3 Nxe3 29. Nxe3 f4 30. Rd3 Qc5 31. Kf2 fxe3+ 32. Rxe3 b5 33. axb5 axb5 34. Qd2 b4 35. Ke2 Rxe3+ 36. Qxe3 Qc2+ 1/2-1/2

[Event "Turku We TuTS"]
[Site "Turku"]
[Date "2013.12.01"]
[Round "4"]
[White "Granat, Simo"]
[Black "Linqvist, Grels"]
[Result "0-1"]
[WhiteElo "1905"]
[BlackElo "2018"]
[PlyCount "122"]
[EventDate "2013.11.29"]
[EventType "swiss"]
[EventRounds "5"]
[EventCountry "FIN"]
[SourceTitle "EXT 2022"]
[Source "ChessBase"]
[SourceDate "2021.10.06"]
[SourceVersion "1"]
[SourceVersionDate "2021.10.06"]
[SourceQuality "1"]

1. Nf3 Nf6 2. d4 d5 3. c4 c6 4. Nc3 e6 5. Bg5 Nbd7 6. e3 Qa5 7. Nd2 Bb4 8. Qc2 0-0 9. Be2 e5 10. 0-0 exd4 11. Nb3 Qc7 12. exd4 Bd6 13. g3 dxc4 14. Bxc4 h6 15. Bxf6 Nxf6 16. Rfe1 Bh3 17. Be2 Rfe8 18. Bf3 Rad8 19. Bg2 Qc8 20. Ne4 Be7 21. Nec5 Bxg2 22. Kxg2 Bf8 23. Rad1 Nd5 24. a3 g6 25. Nd3 Bg7 26. Ne5 Nc7 27. Re3 Rd5 28. Rf3 Bxe5 29. dxe5 Rdxe5 30. Qd2 Rd5 31. Qc1 Qd8 32. Re1 Rxe1 33. Qxe1 Ne6 34. Re3 Kh7 35. Qc3 Rf5 36. Rd3 Rd5 37. Re3 c5 38. Na5 b6 39. Nc6 Qa8 40. Rxe6 fxe6 41. Qf6 Rf5 42. Qxe6 Kg7 43. f3 Qb7 44. Ne5 Rf6 45. Qe8 b5 46. h4 h5 47. Kh3 c4 48. Kh2 Qc7 49. Qxb5 Rb6 50. Qe8 Rxb2+ 51. Kh3 Rb6 52. Nd7 Qd6 53. Nxb6 axb6 54. Qb5 Qe6+ 55. g4 hxg4+ 56. fxg4 c3 57. Qd3 Qc6 58. Qc2 Qf3+ 59. Kh2 Qf4+ 60. Kh3 Qe3+ 61. Kg2 Qd2+ 0-1

[Event "Heart of Finland op 23rd"]
[Site "Jyvaskyla"]
[Date "2013.07.13"]
[Round "8"]
[White "Kilpela, Panu"]
[Black "Granat, Simo"]
[Result "1-0"]
[WhiteElo "2064"]
[BlackElo "1910"]
[PlyCount "143"]
[EventDate "2013.07.08"]
[EventType "swiss"]
[EventRounds "9"]
[EventCountry "FIN"]
[SourceTitle "EXT 2022"]
[Source "ChessBase"]
[SourceDate "2021.10.06"]
[SourceVersion "1"]
[SourceVersionDate "2021.10.06"]
[SourceQuality "1"]

1. e4 c5 2. Nf3 Nc6 3. d4 cxd4 4. Nxd4 e6 5. Nb5 Nf6 6. N1c3 Bb4 7. Nd6+ Ke7 8. Nxc8+ Rxc8 9. Bg5 Qa5 10. Bd2 Rhd8 11. Bd3 d5 12. a3 Bxc3 13. Bxc3 Qc7 14. Qe2 d4 15. Bd2 Kf8 16. f4 e5 17. f5 a5 18. 0-0 Rd6 19. g4 h6 20. Kh1 Nb8 21. Rg1 Nbd7 22. b4 b6 23. g5 hxg5 24. Rxg5 Ne8 25. Rh5 Ndf6 26. Rh8+ Ke7 27. Qe1 a4 28. Qe2 Rdd8 29. Rh4 Nd6 30. Rg1 Rg8 31. Rg3 b5 32. Qg2 Nc4 33. Bc1 Rh8 34. Rxh8 Rxh8 35. Rxg7 Kf8 36. Rg3 Qc6 37. Kg1 Nd6 38. Bg5 Nc4 39. Bc1 Nh5 40. Rg4 Nf4 41. Bxf4 exf4 42. Bxc4 bxc4 43. e5 f3 44. Qf2 Qh6 45. h4 Qc1+ 46. Kh2 Qe3 47. Kg3 Qxe5+ 48. Kxf3 Qxf5+ 49. Kg3 Qe5+ 50. Kh3 d3 51. cxd3 cxd3 52. Qd4 Qxd4 53. Rxd4 Ke7 54. Rxd3 Rc8 55. h5 f5 56. Kh4 Ke6 57. h6 Rc1 58. h7 Rc8 59. Kg5 Kf7 60. Rd7+ Ke6 61. Ra7 Rf8 62. Rg7 Rh8 63. Kg6 Kd5 64. Rg8 Rxh7 65. Kxh7 Kc4 66. Rf8 Kb3 67. Rxf5 Kxa3 68. b5 Ka2 69. b6 a3 70. Rf3 Kb2 71. Rxa3 Kxa3 72. b7 1-0

[Event "Salo We SalSK"]
[Site "Salo"]
[Date "2013.??.??"]
[Round "3"]
[White "Bergman, Thomas"]
[Black "Granat, Simo"]
[Result "1-0"]
[WhiteElo "1862"]
[BlackElo "1905"]
[PlyCount "89"]
[EventDate "2013.??.??"]
[EventType "swiss"]
[EventRounds "5"]
[EventCountry "FIN"]
[SourceTitle "EXT 2022"]
[Source "ChessBase"]
[SourceDate "2021.10.06"]
[SourceVersion "1"]
[SourceVersionDate "2021.10.06"]
[SourceQuality "1"]

1. d4 Nf6 2. Nf3 e6 3. Bg5 d5 4. e3 Nbd7 5. c4 c6 6. Nc3 Qa5 7. cxd5 Nxd5 8. Qb3 Bb4 9. Rc1 N7b6 10. Bc4 Nxc4 11. Qxc4 h6 12. Bh4 0-0 13. 0-0 Nxc3 14. bxc3 Bd6 15. Qb3 b6 16. Nd2 Qh5 17. Bg3 Bxg3 18. hxg3 Bb7 19. Nf3 c5 20. Ne5 Rfd8 21. a4 cxd4 22. cxd4 Rac8 23. a5 Bd5 24. Qb5 bxa5 25. Nc6 Rxc6 26. Rxc6 Qf5 27. Rc3 h5 28. Qxa5 Ra8 29. Rfc1 h4 30. gxh4 Qg4 31. e4 Qxe4 32. Rg3 Qxh4 33. Qc7 Qxd4 34. Rh3 g6 35. Qd7 Qf6 36. Rc8+ Kg7 37. Qe8 Rxc8 38. Qxc8 Qa1+ 39. Kh2 Qe5+ 40. g3 Kf6 41. Rh4 Qe1 42. Rf4+ Kg5 43. Qd8+ Kh6 44. Rh4+ Kg7 45. Qh8# 1-0

[Event "Heart of Finland op 22nd"]
[Site "Jyvaskyla"]
[Date "2012.07.14"]
[Round "8"]
[White "Granat, Simo"]
[Black "Sorvari, Jarmo"]
[Result "0-1"]
[WhiteElo "1959"]
[BlackElo "2041"]
[PlyCount "108"]
[EventDate "2012.07.09"]
[EventType "swiss"]
[EventRounds "9"]
[EventCountry "FIN"]
[SourceTitle "EXT 2022"]
[Source "ChessBase"]
[SourceDate "2021.10.06"]
[SourceVersion "1"]
[SourceVersionDate "2021.10.06"]
[SourceQuality "1"]

1. Nf3 Nf6 2. c4 e6 3. Nc3 b6 4. e4 d6 5. d4 Bb7 6. Bd3 Be7 7. 0-0 0-0 8. e5 Nfd7 9. Bf4 dxe5 10. Nxe5 Nxe5 11. dxe5 f5 12. exf6 Bxf6 13. Qd2 Nd7 14. Rfe1 Nc5 15. Bc2 Bxc3 16. bxc3 Qe7 17. Be5 Qh4 18. f4 Rad8 19. Qe2 Rd7 20. g3 Qe7 21. Bd4 Qd6 22. Qh5 g6 23. Bxg6 e5 24. Bxh7+ Rxh7 25. Qg5+ Kf7 26. Rxe5 Ne4 27. Rf5+ Ke8 28. Re1 Kd7 29. Qg4 Qe6 30. Rg5 Qxg4 31. Rxg4 Nd2 32. Re3 Nf3+ 33. Rxf3 Bxf3 34. Rg5 Re8 35. Be5 Ree7 36. h4 Rh5 37. Kf2 Rxg5 38. hxg5 Bg4 39. g6 Ke6 40. Ke3 Bh5 41. g7 Kf7 42. c5 Rxe5+ 43. fxe5 Bg4 44. Kd4 Be6 45. a4 Bb3 46. cxb6 axb6 47. a5 bxa5 48. c4 Kxg7 49. g4 Kf7 50. g5 Kg6 51. e6 Kxg5 52. e7 Ba4 53. Ke5 Bd7 54. c5 a4 0-1

[Event "Heart of Finland op 22nd"]
[Site "Jyvaskyla"]
[Date "2012.07.13"]
[Round "7"]
[White "Nazarova, Anastasia"]
[Black "Granat, Simo"]
[Result "0-1"]
[WhiteElo "1669"]
[BlackElo "1959"]
[PlyCount "86"]
[EventDate "2012.07.09"]
[EventType "swiss"]
[EventRounds "9"]
[EventCountry "FIN"]
[SourceTitle "EXT 2022"]
[Source "ChessBase"]
[SourceDate "2021.10.06"]
[SourceVersion "1"]
[SourceVersionDate "2021.10.06"]
[SourceQuality "1"]

1. e4 c5 2. Nf3 e6 3. d4 cxd4 4. Nxd4 a6 5. Nc3 Nc6 6. Nxc6 bxc6 7. Bd3 e5 8. Qf3 h6 9. Qg3 d6 10. 0-0 Nf6 11. f4 Qc7 12. fxe5 dxe5 13. Kh1 Be6 14. b3 Nh5 15. Qf3 g6 16. Be3 Be7 17. Na4 c5 18. c4 Ng7 19. Nc3 Bd8 20. Nd5 Qd6 21. Rad1 Bxd5 22. exd5 f5 23. Qf2 Be7 24. Bb1 Rc8 25. Qd2 Bg5 26. Rde1 Kd7 27. Qa5 Bxe3 28. Rxe3 f4 29. Re4 Nf5 30. Rfe1 Ne3 31. g3 Ng4 32. Kg2 Rhf8 33. gxf4 Rxf4 34. Rxf4 exf4 35. Re6 f3+ 36. Kxf3 Rf8+ 37. Ke4 Qf4+ 38. Kd3 Qd4+ 39. Ke2 Qf2+ 40. Kd1 Qg1+ 41. Kd2 Qd4+ 42. Ke1 Rf1+ 43. Ke2 Qd1# 0-1

[Event "Heart of Finland op 22nd"]
[Site "Jyvaskyla"]
[Date "2012.07.11"]
[Round "4"]
[White "Granat, Simo"]
[Black "Koykka, Pekka"]
[Result "0-1"]
[WhiteElo "1959"]
[BlackElo "2218"]
[PlyCount "76"]
[EventDate "2012.07.09"]
[EventType "swiss"]
[EventRounds "9"]
[EventCountry "FIN"]
[SourceTitle "EXT 2022"]
[Source "ChessBase"]
[SourceDate "2021.10.06"]
[SourceVersion "1"]
[SourceVersionDate "2021.10.06"]
[SourceQuality "1"]

1. Nf3 b5 2. e4 Bb7 3. Bxb5 Bxe4 4. d4 Nf6 5. Nc3 Bb7 6. 0-0 e6 7. Bg5 Be7 8. Re1 0-0 9. Bxf6 Bxf6 10. Ne4 Bxe4 11. Rxe4 d5 12. Re3 c5 13. c3 Qb6 14. Bd3 c4 15. Bc2 Qxb2 16. Ne5 Bxe5 17. dxe5 Nd7 18. Rb1 Qa3 19. Rb7 Nc5 20. Rc7 Rac8 21. Rxc8 Rxc8 22. g3 Rb8 23. Rf3 Qxa2 24. Kg2 h6 25. Qd4 Rb5 26. Bd1 Nd3 27. Qh4 Rb2 28. g4 Ne1+ 29. Kf1 Nxf3 30. Bxf3 Rb1+ 31. Kg2 Qa1 32. Qd8+ Kh7 33. Kg3 Rg1+ 34. Kh4 g5+ 35. Kh5 Qb1 36. Be4+ Qxe4 37. Qf6 Qg6+ 38. Qxg6+ fxg6# 0-1

[Event "Jyvaskyla We JyS A"]
[Site "Jyvaskyla"]
[Date "2012.01.29"]
[Round "5"]
[White "Granat, Simo"]
[Black "Sipila, Markku"]
[Result "0-1"]
[WhiteElo "1992"]
[BlackElo "2032"]
[PlyCount "144"]
[EventDate "2012.01.27"]
[EventType "swiss"]
[EventRounds "5"]
[EventCountry "FIN"]
[SourceTitle "EXT 2022"]
[Source "ChessBase"]
[SourceDate "2021.10.06"]
[SourceVersion "1"]
[SourceVersionDate "2021.10.06"]
[SourceQuality "1"]

1. Nf3 f5 2. Nc3 Nf6 3. d3 d6 4. e4 Nc6 5. Bg5 e5 6. Be2 Be7 7. 0-0 0-0 8. Bxf6 Bxf6 9. Nd5 f4 10. Ne1 Be6 11. Bg4 Bf7 12. c3 g6 13. g3 h5 14. Bf3 Bg5 15. Ng2 Be6 16. h4 Bh6 17. g4 hxg4 18. Bxg4 Bf7 19. Qf3 Kg7 20. Qh3 Ne7 21. Nxe7 Qxe7 22. f3 Rh8 23. Kf2 Rh7 24. Rh1 Rah8 25. Rag1 Kf8 26. Bc8 c6 27. a3 Bg5 28. Qg4 Bxh4+ 29. Kf1 Bg3 30. Rxh7 Rxh7 31. b4 Kg7 32. Ne3 Kf6 33. a4 Rh4 34. Qd7 Qxd7 35. Bxd7 Ke7 36. Bc8 Rh2 37. Ng4 Rd2 38. Rh1 Rd1+ 39. Kg2 Rxh1 40. Kxh1 b6 41. c4 Kd8 42. Nh6 Be8 43. Be6 Ke7 44. Bg8 a6 45. Kg2 Be1 46. c5 dxc5 47. bxc5 b5 48. Bb3 Bb4 49. Ng4 Bxc5 50. Nxe5 Bd4 51. Ng4 Kd6 52. Kf1 Bd7 53. Ke2 Kc5 54. axb5 cxb5 55. Bf7 Bxg4 56. fxg4 g5 57. Kd2 Kb4 58. Bd5 a5 59. Kc2 Ka3 60. Bc6 b4 61. Bd5 a4 62. Kb1 b3 63. Bc6 Kb4 64. e5 Bxe5 65. Kc1 a3 66. d4 Bxd4 67. Kd2 a2 68. Bd5 a1Q 69. Bxb3 Qc3+ 70. Ke2 Kxb3 71. Kd1 Qc2+ 72. Ke1 f3 0-1